Univerzální technologie moderních skladů
Uložené v:
| Hlavný autor: | |
|---|---|
| Ďalší autori: | |
| Médium: | Kniha |
| Jazyk: | Czech |
| Vydavateľské údaje: |
Praha
Výzkumný ústav obchodu
1980
|
| Edícia: | Knižnice VÚO
č. 126 |
| Tagy: |
Žiadne tagy, Buďte prvý, kto otaguje tento záznam!
|
MARC
| LEADER | 00000nam a2200000 4500 | ||
|---|---|---|---|
| 001 | c142246 | ||
| 005 | 20181203150525.1 | ||
| 041 | 0 | |a cze | |
| 044 | |a CZ | ||
| 245 | 1 | 0 | |a Univerzální technologie moderních skladů |c Jana Himmlová, Jiří Jindra |
| 264 | 1 | |a Praha |b Výzkumný ústav obchodu |c 1980 | |
| 300 | |a 56 s. | ||
| 490 | 1 | |a Knižnice VÚO |v č. 126 | |
| 830 | 0 | |a Knižnice VÚO |v č. 126 | |
| 100 | 1 | |a Himmlová, Jana | |
| 700 | 1 | |a Jindra, Jiří | |